Contemporary Logistics. (Record no. 3231)

MARC details
005 - DATE AND TIME OF LATEST TRANSACTION
control field 20250605133026.0
020 ## - INTERNATIONAL STANDARD BOOK NUMBER
International Standard Book Number 10-1-292-21800-2
082 ## - DEWEY DECIMAL CLASSIFICATION NUMBER
Classification number 658.7 MUR
100 ## - MAIN ENTRY--PERSONAL NAME
Author name MURPHY J.
245 ## - TITLE STATEMENT
Title Contemporary Logistics.
250 ## - EDITION STATEMENT
Edition statement 20th Ed.
260 ## - PUBLICATION, DISTRIBUTION, ETC.
Place of publication, distribution, etc. London
Name of publisher, distributor, etc. Pearson
Date of publication, distribution, etc. 2018
300 ## - PHYSICAL DESCRIPTION
Extent 312p.;ill,picture,table
Other physical details Index
Dimensions 25cm
700 ## - ADDED ENTRY--PERSONAL NAME
Other authors/Editors KNEMEYER M.
942 ## - ADDED ENTRY ELEMENTS (KOHA)
Source of classification or shelving scheme Dewey Decimal Classification
Koha item type Books
Holdings
Date last seen Total checkouts Full call number Barcode Cost, replacement price Price effective from Koha item type Lost status Source of classification or shelving scheme Damaged status Not for loan Withdrawn status Home library Current library Shelving location Date acquired Cost, normal purchase price
06/05/2025   658.7 MUR DOM00043 490215.00 06/05/2025 Books   Dewey Decimal Classification       CBE Dodoma CBE Dodoma Special Reserve Collection 03/12/2025 163405.00